000 00293nam a22001337a 4500
008 170830b xxu||||| |||| 00| 0 eng d
020 _a9780840376077
041 _aeng
080 _26 ED
_a070
100 _a39
101 _aMED
245 _aNEWS REPORTING
_cLAMBERT.I.C
942 _2udc
_cBK
999 _c25489
_d25489